[Event "Bergamo Open 2017"]
[Site "Bergamo"]
[Date "2017.07.14"]
[Round "5"]
[White "Brunello, Marina"]
[Black "Guanciale, Orazio"]
[Result "1/2-1/2"]
[WhiteElo "2367"]
[BlackElo "2163"]
[Annotator "TA"]
[PlyCount "70"]
[EventDate "2017.??.??"]
[EventCountry "ITA"]
[SourceTitle "playchess.com"]
[Source "ChessBase"]
[SourceQuality "1"]

{[%evp 17,70,9,25,-29,-16,-29,-29,-41,-42,-42,-41,-51,-26,-14,8,-29,12,12,47,0,76,31,22,22,61,25,25,36,33,34,27,-39,21,-6,180,-122,-112,-147,13,7,83,-147,-22,-25,7,-54,-49,-40,28,19,19,-23,0,0,8]} 1. e4 d6 2. d4 Nf6 3. Nc3 g6 4. Be3 c6 5. Nf3 Bg7 6. h3 O-O 7. Bd3 Qc7 8. Qd2 Nbd7 9. O-O b5 10. Rac1 $146 {B07: Pirc Defence: Miscellaneous Systems} (10. Ne2 $142) ({Predecessor:} 10. Ne2 e5 11. dxe5 Nxe5 12. Nxe5 dxe5 13. a4 Be6 14. axb5 cxb5 15. Qa5 Rfc8 16. Qxc7 Rxc7 17. Nc3 Bc4 {½-½ (92) Saric,I (2666)-Van Wely,L (2667) Wijk aan Zee 2015}) 10... Bb7 $11 11. a3 a6 12. Bf4 {Black has an edge.} e5 13. dxe5 dxe5 14. Bh2 Nh5 15. Ne2 Rad8 16. Qe3 c5 {...c4 is the strong threat.} 17. c4 Qa5 18. Nc3 b4 (18... Nf4 $11) 19. axb4 cxb4 20. Nd5 $36 {[%mdl 2048] Threatens to win with Ne7+. White is pushing.} Nf4 21. Qd2 Bxd5 22. cxd5 {Black must now prevent Ra1.} Nc5 23. Bc2 Qb5 {With the idea ...Ne2+.} 24. Kh1 (24. Bxf4 $11 exf4 25. b3 (25. Qxf4 b3 $17)) 24... Rfe8 (24... Nfd3 $15) 25. Rfd1 f5 $2 (25... a5 $11 {and Black is okay.}) 26. Qe3 $2 {[#]} ({White has to play} 26. Bxf4 $18 exf4 27. exf5 Bxb2 28. fxg6 hxg6 29. Bxg6 Bxc1 30. Rxc1) 26... Ne2 $1 $17 {aiming for ...b3.} ({Reject} 26... fxe4 $6 27. Bxe4 Nxe4 28. Qxe4 $11) 27. Rb1 {[#]} f4 $2 (27... Nd4 $1 $17 {[%cal Rd4c2]} 28. Rbc1 Nxc2 29. Rxc2 Nxe4) 28. Qd2 $11 Nd4 (28... a5 $11 {keeps the balance.}) 29. Ne1 $2 (29. Nxd4 $16 {is necessary to keep the advantage.} exd4 30. f3) 29... a5 ({Weaker is} 29... Qf1+ 30. Bg1 $14) (29... Nxc2 $17 30. Nxc2 Nxe4) 30. f3 Qe2 ({Don't play} 30... Qf1+ 31. Bg1 $14) 31. Bg1 (31. Qxe2 $11 Nxe2 32. Ra1) 31... Qxd2 $15 32. Rxd2 Ncb3 ({Black should try} 32... a4 $15) 33. Rd3 $11 Nc5 34. Rd2 (34. Bxd4 $5 Nxd3 35. Nxd3 exd4 36. Ra1 $11) 34... Ncb3 35. Rd3 Nc5 {Precision: White = 30%, Black = 29%.} 1/2-1/2

[Event "Bergamo Open 2017"]
[Site "Bergamo"]
[Date "2017.07.14"]
[Round "5"]
[White "Zamar Kodelja, Jurij"]
[Black "Brunello, Sabino"]
[Result "0-1"]
[WhiteElo "2249"]
[BlackElo "2572"]
[Annotator "TA"]
[PlyCount "64"]
[EventDate "2017.??.??"]
[EventCountry "ITA"]
[SourceTitle "playchess.com"]
[Source "ChessBase"]
[SourceQuality "1"]

{[%evp 12,64,13,6,23,-1,34,31,21,25,57,50,54,14,23,15,19,0,6,6,29,-10,0,-8,-5,-9,-10,-39,-28,-115,-119,-274,-151,-128,-133,-207,-206,-286,-305,-581,-552,-572,-565,-576,-575,-552,-541,-513,-495,-1954,-1879,-2141,-1758,-6828,-6475]} 1. d4 {[%cal Bd2d4,Bd4d5][%mdl 32]} Nf6 2. c4 e6 3. Nc3 Bb4 4. f3 c5 5. d5 O-O 6. e4 d6 7. Bd3 {LiveBook: 54 Games} a6 {E20: Nimzo-Indian: 4 g3 and 4 f3} (7... Bxc3+ $5 8. bxc3 Nbd7 $11) (7... b5 8. Nge2 bxc4 9. Bxc4 exd5 10. Bxd5 Nxd5 11. Qxd5 Qb6 12. Bf4 Be6 13. Qxa8 Nc6 14. Qxf8+ Kxf8 15. Bxd6+ {1-0 (75) Mamedyarov,S (2766)-So,W (2808) chess.com INT 2017}) 8. a4 $146 ({Predecessor:} 8. Nge2 exd5 9. cxd5 Nbd7 10. O-O Ne5 11. Ng3 c4 12. Be2 Bc5+ 13. Kh1 b5 14. b3 {½-½ (25) Ermolaev,A (2292)-Baklanov,V (2299) LSS email 2012}) 8... Ba5 9. Nge2 exd5 {White is slightly better.} 10. exd5 h6 11. O-O Re8 12. Ne4 Nxe4 13. fxe4 Nd7 14. Bf4 Ne5 15. Ng3 Qh4 16. Bxe5 Rxe5 17. Qf3 Qe7 18. Rf2 Bd7 19. Re2 Re8 (19... h5 $5) 20. b3 {[#]} (20. Rf1 $11 {keeps the balance.}) 20... h5 $1 $17 {[%mdl 512]} 21. Rc2 $2 {[#]} (21. Nxh5 $17 Qg5 22. Nf4) 21... h4 ({Better is} 21... f5 $1 $19 {[%mdl 512]} 22. exf5 Qh4) 22. Nf1 Qg5 23. Qe3 {[#]} (23. Rb1 $17 {keeps fighting.}) 23... Qg6 $1 $19 24. Qc1 {[#]} f5 $1 {[%cal Rf5e4]} 25. exf5 $2 (25. Rf2 fxe4 26. Bb1) 25... Bxf5 {Black is clearly winning.} 26. Bxf5 Rxf5 ({Weaker is} 26... Qxf5 27. Rf2 $17) 27. Qb2 Bd8 {[%cal Ba5d8,Bd8f6,Bf6d4][%mdl 32] aiming for ...Bf6.} 28. Rd1 Bf6 29. Qb1 Bd4+ 30. Kh1 (30. Rxd4 $142 cxd4 31. Rf2) 30... Ref8 31. Rcd2 Qg5 {( -> ...Qf4)} 32. Ra2 Qg4 {Precision: White = 28%, Black = 58%.} 0-1

[Event "Bergamo Open 2017"]
[Site "Bergamo"]
[Date "2017.07.14"]
[Round "5"]
[White "Srebrnic, Ana"]
[Black "Sonis, Francesco"]
[Result "0-1"]
[WhiteElo "2199"]
[BlackElo "2440"]
[Annotator "TA"]
[PlyCount "60"]
[EventDate "2017.??.??"]
[EventCountry "ITA"]
[SourceTitle "playchess.com"]
[Source "ChessBase"]
[SourceQuality "1"]

{[%evp 15,59,6,35,0,4,-13,14,12,2,8,15,9,31,37,42,55,43,-20,0,0,0,0,0,0,0,0,0,-51,0,-63,-49,-55,-18,-293,-133,-497,-504,-487,-476,-820,-810,-5202,-5193,-29998,-29999,-29999]} 1. Nf3 Nf6 2. c4 e6 3. Nc3 Bb4 4. Qc2 O-O 5. a3 Bxc3 6. Qxc3 a5 {A17: English Opening: 1...Nf6 with ...Bb4} 7. b3 (7. b4 d6 8. Bb2 e5 9. g3 Bd7 10. Bg2 Qc8 11. O-O Bh3 12. d3 Bxg2 13. Kxg2 Qd7 14. b5 {0-1 (50) Melkumyan,H (2653)-Eljanov,P (2741) Germany 2016}) 7... d6 8. Bb2 Nc6 {LiveBook: 3 Games. The position is equal.} 9. g3 e5 10. d3 Re8 $146 ({Predecessor:} 10... Be6 11. Bg2 Qd7 12. O-O Bh3 13. e3 Bxg2 14. Kxg2 {0-1 (28) Kievelitz,B (1953)-Lick,P (2224) Leipzig 2015}) 11. Bg2 Bg4 12. Qc2 Qc8 13. h3 Bxf3 14. Bxf3 Nd4 15. Bxd4 $1 exd4 16. c5 (16. Qb2 $14) 16... Qf5 $36 {[%mdl 2048] Hoping for ...Qxf3. Black has good play.} 17. Bxb7 Rab8 18. Bc6 Re5 19. b4 $1 ({But not} 19. cxd6 $2 Rc5 $19) 19... axb4 20. axb4 dxc5 21. b5 ({White should try} 21. bxc5 $11 h6 22. Ra5) 21... h5 (21... Nd5 $15 22. Bxd5 Rxd5) 22. Ra8 (22. Ra7 $11) 22... Rxa8 $15 23. Bxa8 Qe6 (23... h4 $5 24. g4 Qd7 $11) 24. f3 $2 {[%mdl 8192] [#]} (24. Bf3 $11 {and White stays safe.}) 24... Re3 (24... h4 $1 $19 {[%mdl 512] is more deadly.} 25. gxh4 c4 26. dxc4 Re3) 25. h4 $2 {[%mdl 8192] [#]} (25. Be4 $17 {is a better chance.}) 25... c4 $1 $19 {[%mdl 512] ( -> ...cxd3)} 26. Kf2 (26. Qxc4 Rxe2+) 26... Qe5 27. dxc4 {[#]} (27. Rg1 $142 cxd3 28. exd3) 27... d3 $1 {[%mdl 512]} 28. exd3 {[#]} Ng4+ $1 {[%mdl 512]} 29. fxg4 Qxg3+ 30. Kf1 Re1# {Precision: White = 25%, Black = 34%.} 0-1

[Event "Bergamo Open 2017"]
[Site "Bergamo"]
[Date "2017.07.14"]
[Round "5"]
[White "Zenari, Marco"]
[Black "Damia, Angelo"]
[Result "0-1"]
[WhiteElo "2094"]
[BlackElo "2378"]
[Annotator "TA"]
[PlyCount "58"]
[EventDate "2017.??.??"]
[EventCountry "ITA"]
[SourceTitle "playchess.com"]
[Source "ChessBase"]
[SourceQuality "1"]

{[%evp 9,58,-54,-69,-112,-110,-102,-73,-89,-90,-125,-131,-125,-102,-114,-100,-112,-114,-168,-134,-170,-150,-150,-141,-139,-132,-135,-137,-153,-110,-118,-95,-376,-181,-169,-180,-324,-196,-277,-210,-329,-289,-674,-547,-764,-756,-6270,-6270,-5422,-1192,-5422,-5418]} 1. e4 Nc6 2. d4 d5 3. e5 f6 4. exf6 exf6 5. Bd3 (5. c3 Bf5 6. Nf3 Qd7 7. Bb5 Bd6 8. O-O Nge7 9. Kh1 O-O-O 10. b4 Bg4 11. Nbd2 Qf5 12. Be2 {0-1 (48) Vovk,A (2339)-Heberla,B (2447) Pardubice 2005}) 5... Nxd4 $146 ({Predecessor:} 5... Be6 6. Nf3 Qd7 7. Nc3 Nge7 8. Be3 Nf5 9. Qd2 Be7 10. a3 O-O-O 11. O-O-O Nxe3 12. Qxe3 {0-1 (27) Podini,F (2075)-Salmoiraghi,A (2031) Bratto 2007}) 6. Bxh7 {B00: Queen's Fianchetto Defence, Nimzowitsch Defence} Rxh7 7. Qxd4 Bd6 8. Qd3 {Black is better.} Rh8 9. Ne2 {[%cal Bg1e2,Be2f4,Bf4d3][%mdl 32]} Ne7 10. Bf4 Bf5 11. Qd2 Bxf4 12. Nxf4 Qd6 13. Nc3 (13. Na3 $17) 13... d4 14. Nce2 g5 $36 {[%mdl 2048] Black is really pushing.} 15. Nd3 Rxh2 16. Rxh2 Qxh2 17. O-O-O O-O-O ({Of course not} 17... Qxg2 $6 18. Nxd4 O-O-O 19. Nxf5 $11) 18. Qb4 Nc6 19. Qb5 Bxd3 20. Rxd3 $4 {[%mdl 8192] [#]} (20. Qxd3 $17 Qe5 21. Kb1) 20... Qxg2 (20... Ne5 $142 21. Rd1 Qxg2 22. Nxd4 Qxf2) 21. Qf5+ $19 Kb8 22. Ng3 (22. Qf3 {was worth a try.} Qxf3 23. Rxf3) 22... Ne5 23. Rd2 (23. Rd1 $142) 23... Qf3 24. Qe6 (24. Qxf3 $142 Nxf3 25. Re2) 24... a6 25. Nf5 $2 (25. Qf5) 25... Rh8 {[#] ( -> ...Rh1+). Black is clearly winning.} 26. Rd1 Rh1 {[%csl Gf3][%cal Rh1d1]} 27. Qg8+ Ka7 {[%csl Gf3][%cal Rh1d1]} 28. Rxh1 Qxh1+ 29. Kd2 Qe4 {Precision: White = 29%, Black = 63%.} 0-1

[Event "Bergamo Open 2017"]
[Site "Bergamo"]
[Date "2017.07.14"]
[Round "6"]
[White "Landa, Konstantin"]
[Black "Godena, Michele"]
[Result "1/2-1/2"]
[WhiteElo "2617"]
[BlackElo "2511"]
[Annotator "TA"]
[PlyCount "34"]
[EventDate "2017.??.??"]
[EventCountry "ITA"]
[SourceTitle "playchess.com"]
[Source "ChessBase"]
[SourceQuality "1"]

{[%evp 15,34,0,8,-20,-20,-20,-20,-20,-20,-20,-22,-12,-12,-26,-22,-33,-19,-17,-15,-19,-14]} 1. d4 d5 2. c4 e6 3. cxd5 exd5 4. Nf3 a6 5. Nc3 c6 6. Qc2 {D31: Queen's Gambit Declined: Semi-Slav without ...Nf6 (+ Marshall Gambit and Noteboom) and Exchange Variation lines without ...Nf6} (6. e4 dxe4 7. Ng5 Be7 8. Bc4 Nh6 9. Ngxe4 Nf5 10. d5 O-O 11. Bf4 cxd5 12. Nxd5 Nc6 13. O-O {½-½ (30) Mamedyarov,S (2772)-Vallejo Pons,F (2710) Moscow 2017}) 6... Bd6 7. Bg5 Ne7 8. e4 dxe4 {LiveBook: 4 Games} 9. Qxe4 h6 10. Bxe7 Qxe7 11. Bc4 Bf5 12. Qxe7+ Kxe7 13. O-O {[#]} Rd8 $146 14. Rfe1+ Kf8 15. Ne4 Bxe4 16. Rxe4 Nd7 17. g3 Re8 1/2-1/2

[Event "Bergamo Open 2017"]
[Site "Bergamo"]
[Date "2017.07.14"]
[Round "6"]
[White "Brunello, Sabino"]
[Black "Salgado Lopez, Ivan"]
[Result "0-1"]
[WhiteElo "2572"]
[BlackElo "2622"]
[Annotator "TA"]
[PlyCount "60"]
[EventDate "2017.??.??"]
[EventCountry "ITA"]
[SourceTitle "playchess.com"]
[Source "ChessBase"]
[SourceQuality "1"]

{[%evp 28,60,0,0,0,-45,-55,-109,-102,-100,-100,-100,-100,-100,-106,-104,-86,-164,-169,-161,-94,-102,-82,-75,-84,-81,-56,-89,-56,-64,-30,-138,-156,-548,-581]} 1. d4 Nf6 2. c4 e6 3. Nf3 b6 4. a3 Bb7 5. Nc3 d5 6. cxd5 Nxd5 7. e3 {[%cal Be2e3,Be3e4][%mdl 32]} Be7 8. Bb5+ c6 {[%cal Bc7c6,Bc6c5][%mdl 32]} 9. Bd3 O-O 10. e4 Nxc3 11. bxc3 c5 12. O-O Qc7 {E12: Queen's Indian: Unusual White 4th moves, 4 a3, 4 Nc3 Bb7 5 a3 and 4 Nc3 Bb7} 13. Qe2 Rd8 (13... Nd7 14. a4 Rfd8 15. Bd2 Rac8 16. h3 e5 17. Rfc1 Bd6 18. Bc4 Rf8 19. d5 Ra8 20. Be3 Bc8 21. Nd2 Nf6 {1-0 (42) Wang,Y (2726)-Zhou,W (2627) China 2015}) 14. Bb2 Nc6 15. Rad1 {LiveBook: 7 Games} Bf6 {[%cal Rc5d4]} 16. dxc5 $146 (16. d5 $5 Ne5 17. Nxe5 Bxe5 18. dxe6 $11) ({Predecessor:} 16. e5 Be7 17. Qe4 g6 18. Qf4 Rac8 19. h4 cxd4 20. cxd4 Na5 {1-0 (71) Gunkel,W (2359)-Orekhov,V (2288) ICCF email 2013}) 16... bxc5 17. Ba6 (17. Rb1 $15) 17... Bxa6 $17 18. Qxa6 h6 19. h3 Rab8 20. Rxd8+ Rxd8 ({Don't play} 20... Qxd8 $6 21. Qxc6 Rxb2 22. Qxc5 $11) 21. Qe2 Qb8 22. Ba1 {[#]} (22. a4 $17 {might work better.}) 22... Qb3 $1 $19 23. Qa6 {[#]} Qb6 (23... Ne5 $1 $19 24. Nxe5 Bxe5) 24. Qe2 Na5 25. c4 Bxa1 26. Rxa1 Qb3 $36 {[%mdl 2048] Black has good play.} 27. Ne5 Qc3 28. Rd1 Rd4 29. Rb1 (29. Qh5 $1 $11 {keeps the balance.} Rxd1+ 30. Qxd1) 29... Nxc4 $17 30. Rb8+ $2 (30. Nxc4 $17 {is a better chance.} Rxc4 31. Rb8+ Kh7 32. g3) 30... Kh7 {Precision: White = 37%, Black = 97%.} 0-1

[Event "Bergamo Open 2017"]
[Site "Bergamo"]
[Date "2017.07.14"]
[Round "6"]
[White "Rambaldi, Francesco"]
[Black "Ivanisevic, Ivan"]
[Result "0-1"]
[WhiteElo "2568"]
[BlackElo "2623"]
[Annotator "TA"]
[PlyCount "106"]
[EventDate "2017.??.??"]
[EventCountry "ITA"]
[SourceTitle "playchess.com"]
[Source "ChessBase"]
[SourceQuality "1"]

{[%evp 16,106,-8,-45,-52,-35,-38,-100,-93,-81,-74,-118,-114,-141,-113,-211,-203,-335,-335,-268,-319,-311,-183,-301,-315,-272,-305,-294,-301,-287,-252,-459,-462,-418,-433,-462,-464,-447,-423,-520,-511,-1118,-476,-480,-505,-496,-487,-491,-470,-504,-491,-475,-458,-733,-737,-686,-659,-696,-499,-2727,-697,-891,-948,-746,-547,-999,-999,-766,-844,-691,-598,-1449,-1281,-6041,-5052,-2499,-2277,-29954,-6621,-29969,-29967,-29963,-12850,-4698,-2943,-29971,-29972,-29972,-29970,-29979,-29976,-29989,-29990]} 1. d4 d5 2. Bf4 c5 3. e3 cxd4 4. exd4 Nc6 5. c3 Bf5 (5... Nf6 6. Nd2 a6 7. Bd3 Bg4 8. Qb3 Ra7 9. Ngf3 e6 10. O-O Be7 11. Ne5 Nxe5 12. dxe5 Nd7 13. Be3 Ra8 {½-½ (67) Morozevich,A (2676)-Fedoseev,V (2667) Moscow 2016}) 6. Qb3 {B13: Caro-Kann: Exchange Variation and Panov-Botvinnik Attack} Qd7 7. Nf3 f6 8. Nbd2 e6 9. Be2 {LiveBook: 3 Games} g5 {[%cal Bg7g5,Bg5g4][%mdl 32]} 10. Bg3 h5 {Strongly threatening ...h4.} 11. h4 (11. h3 $1 $15) 11... g4 $17 12. Nh2 Nge7 $146 ({Predecessor:} 12... Bh6) 13. Nhf1 Bh6 14. Qa3 O-O 15. Qd6 (15. Nb3 $17 {was worth a try.}) 15... Qe8 $1 $19 16. Qc7 {[#]} (16. Ne3 $142) 16... e5 $1 {[%mdl 512]} 17. dxe5 fxe5 18. Ne3 Be6 (18... d4 $142 19. Nxf5 Bxd2+ 20. Kxd2 dxc3+ 21. bxc3 Nxf5 22. Qxb7 Rb8) 19. Qd6 (19. Bxe5 $2 Bxe3 20. fxe3 Rc8 $19) (19. Bb5 $142) 19... Qg6 20. Qa3 Rad8 21. O-O d4 22. cxd4 exd4 (22... Nxd4 23. Bd3 $11) ({Not} 22... Rxd4 23. Nb3 $14) 23. Nec4 $2 (23. Bd3 Qg7 24. Nec4) 23... d3 24. Bd1 Nf5 25. Re1 Nxg3 26. fxg3 Nd4 27. Ne3 Qf6 28. Kh2 {[#]} (28. Kh1 $142 Qf2 29. Bxg4 hxg4 30. Ne4) 28... Qf2 (28... Bf4 $142 $1 {[%mdl 512] ( -> ...Bxg3+!)} 29. gxf4 Qxh4+ 30. Kg1 Qxe1+ 31. Nef1 Rxf4 32. Qxd3 Qf2+ 33. Kh1 Bd5) 29. Bb3 Nxb3 (29... Bxe3 30. Bxe6+ Nxe6 31. Ne4 $17) 30. Ne4 {[#]} Qf7 $1 (30... Bxe3 31. Nxf2 Bc5 32. Qa4 $16) 31. axb3 d2 32. Rf1 Qg6 ({Weaker is} 32... Bxe3 33. Rxf7 Rxf7 34. b4 $11) 33. Rxf8+ Rxf8 ({Less strong is} 33... Bxf8 34. Qa5 $17) 34. Ng5 (34. Nxd2 $142 Bxe3 35. Nc4) 34... Bxg5 35. hxg5 Qxg5 36. Nf1 Qd8 37. Ne3 (37. Rd1 $142 Rxf1 38. Rxf1) 37... Qd4 (37... h4 $142 38. Kg1 hxg3 39. Qxa7 Qh4) 38. Qxa7 Qxa7 39. Rxa7 {[%mdl 4096] Endgame KRB-KRN} Rd8 40. Rxb7 d1=Q 41. Nxd1 Rxd1 {KRB-KR} 42. Re7 Bd5 43. Re2 Kf7 44. Rf2+ Kg6 45. b4 Rd3 46. Re2 Kf5 47. b5 Be4 48. b6 Rb3 49. Rf2+ Ke5 50. Re2 Rxb6 {Black mates.} 51. Kg1 Rb3 52. Kh2 Rd3 53. Rc2 {[#]} h4 $1 {Precision: White = 24%, Black = 84%.} 0-1

[Event "Bergamo Open 2017"]
[Site "Bergamo"]
[Date "2017.07.14"]
[Round "6"]
[White "Sonis, Francesco"]
[Black "Kuljasevic, Davorin"]
[Result "1/2-1/2"]
[WhiteElo "2440"]
[BlackElo "2546"]
[Annotator "TA"]
[PlyCount "100"]
[EventDate "2017.??.??"]
[EventCountry "ITA"]
[SourceTitle "playchess.com"]
[Source "ChessBase"]
[SourceQuality "1"]

{[%evp 19,100,0,0,0,48,29,49,47,37,30,38,35,37,37,31,4,12,0,0,0,0,0,0,0,0,-23,-9,-1,0,-66,-66,-66,-59,-94,-10,-10,-17,-17,-6,-43,-33,-51,0,-1,-13,-14,-7,-21,-30,-20,-15,-28,0,0,0,0,0,0,0,0,0,0,0,0,0,0,0,0,0,0,0,0,0,0,0,0,0,0,0,0,0,0,5953]} 1. c4 e5 2. g3 Nf6 3. Bg2 d5 4. cxd5 Nxd5 5. Nc3 Nb6 6. e3 Nc6 {A22: English Opening: 1...e5 2 Nc3 Nf6} 7. Nge2 Be7 8. O-O O-O 9. f4 f6 10. f5 Bd7 {[%cal Bc8d7,Bd7e8,Be8f7,Bf7c4][%mdl 32] LiveBook: 5 Games} 11. d4 {[%cal Bd2d4,Bd4c5][%mdl 32]} Bd6 12. Ne4 $146 ({Predecessor:} 12. g4 Qe7 13. Ne4 Nd8 14. Nxd6 cxd6 {1-0 (92) Berkes,F (2706)-Ruck,R (2579) Hungary 2012}) 12... Be8 13. Nc5 Bxc5 $1 14. dxc5 Qxd1 15. Rxd1 Nc8 16. g4 N8e7 17. Nc3 Bf7 18. b4 {[#] Black must now prevent b5.} Rfd8 19. Ba3 {aiming for b5.} a6 20. Kf2 Bc4 21. Rac1 Kf8 22. Rc2 Rxd1 23. Nxd1 Bd5 24. Nc3 (24. Rd2 $11 Bxg2 25. Kxg2) 24... Bxg2 $15 25. Kxg2 Rd8 26. Kf3 {[#]} Nd5 ({Black should try} 26... Rd4 $1 $17 {[%mdl 512] Black wants to play ...e4+!} 27. b5 (27. exd4 Nxd4+) 27... axb5 28. Nxb5 Ra4) 27. Nxd5 Rxd5 $11 {[%mdl 4096] Endgame KRB-KRN} 28. Ke2 $1 Kf7 (28... h5 $5) 29. Rc4 Rd8 30. Bc1 g6 31. a4 Ne7 32. e4 h5 33. fxg6+ Kxg6 34. gxh5+ Kxh5 35. Be3 c6 36. Rc1 {The position is equal.} f5 37. exf5 Nxf5 38. Rc4 Rh8 39. Re4 Kg6 40. Rxe5 Rxh2+ 41. Bf2 Rh8 (41... Nd4+ $5 42. Kf1 Nc2 $11) 42. Re4 Rd8 43. b5 axb5 44. axb5 cxb5 45. Rb4 Rd7 46. Rxb5 Ne7 47. Rb3 Kf5 48. Rf3+ Ke6 49. Re3+ Kd5 50. Rd3+ Ke5 $2 {[%mdl 40960] Precision: White = 65%, Black = 66%. . An unexpected result.} (50... Kc6 $11) 1/2-1/2

[Event "Bergamo Open 2017"]
[Site "Bergamo"]
[Date "2017.07.14"]
[Round "6"]
[White "Videnova, Iva"]
[Black "Giretti Kanev, Jasen"]
[Result "1-0"]
[WhiteElo "2370"]
[BlackElo "2147"]
[Annotator "NA"]
[PlyCount "78"]
[EventDate "2017.??.??"]
[EventCountry "ITA"]
[SourceTitle "playchess.com"]
[Source "ChessBase"]
[SourceQuality "1"]
[TimeControl "6000+30"]

1. e4 c6 2. d4 d5 3. Nc3 dxe4 4. Nxe4 Nf6 5. Nxf6+ gxf6 6. Nf3 Bg4 7. Be2 e6 8. O-O Qc7 9. c4 Nd7 10. Nh4 Bxe2 11. Qxe2 {LiveBook: 15 Games} O-O-O 12. c5 {B16: Caro-Kann: Bronstein-Larsen Variation} (12. Rd1 c5 13. d5 Ne5 14. Bf4 Bd6 15. dxe6 fxe6 16. Bxe5 fxe5 17. g3 Qf7 18. Rd2 Rhf8 19. Kg2 Rd7 {1-0 (49) Christiansen,L (2579)-Norowitz,Y (2451) Saint Louis 2013}) 12... e5 13. Qg4 h5 14. Qf5 exd4 15. b4 $1 Qe5 $1 16. Bf4 $146 ({Predecessor:} 16. Bb2 $11 Rg8 17. f4 Qxf5 18. Nxf5 b6 19. Nxd4 Kb7 20. cxb6 Nxb6 {½-½ (49) Krzesinski,P (2046)-Schmitzer,K (2268) Bad Homburg 2016}) 16... Qxf5 17. Nxf5 Ne5 18. Rad1 $15 Rg8 19. Kh1 d3 20. Rfe1 Rd5 21. h3 b6 22. cxb6 axb6 23. Re4 Ng6 24. Ne3 Rd8 25. Bh2 b5 26. Nf5 Rd5 27. g4 hxg4 28. hxg4 Ne5 29. Bxe5 fxe5 30. f3 c5 31. Ne3 f5 32. Nxd5 fxe4 33. bxc5 exf3 34. Rxd3 e4 35. Rc3 Rxg4 36. c6 Bg7 37. Nb6+ Kc7 38. Nd5+ Kd6 39. c7 Bxc3 1-0

[Event "Bergamo Open 2017"]
[Site "Bergamo"]
[Date "2017.07.14"]
[Round "6"]
[White "Brunello, Marina"]
[Black "Haimovich, Tal"]
[Result "1/2-1/2"]
[WhiteElo "2367"]
[BlackElo "2380"]
[Annotator "NA"]
[PlyCount "115"]
[EventDate "2017.??.??"]
[EventCountry "ITA"]
[SourceTitle "playchess.com"]
[Source "ChessBase"]
[SourceQuality "1"]
[TimeControl "6000+30"]

1. e4 e5 2. Nf3 Nc6 3. Bc4 Nf6 4. d3 Be7 5. c3 O-O 6. Nbd2 d6 {C55: Two Knights: 4 d3, 4 d4 exd4 5 e5 and Max Lange Attack} 7. h3 Na5 8. Bb5 a6 9. Ba4 b5 10. Bc2 c5 11. Nf1 {LiveBook: 5 Games} Nc6 12. d4 $146 ({Predecessor:} 12. Ng3 d5 13. exd5 Nxd5 14. O-O Re8 {0-1 (51) Glek,I (2543)-Nikolic,P (2657) Kemer 2007}) 12... cxd4 13. cxd4 exd4 14. Nxd4 Bb7 15. Nxc6 Bxc6 16. Ng3 d5 17. e5 Ne4 18. O-O Nxg3 19. fxg3 Qb6+ $11 20. Kh2 Bb7 21. Qd3 Qg6 22. Qe2 Qe6 23. Bf5 Qb6 24. Qd3 g6 25. Bg4 Bc8 26. Bxc8 Raxc8 27. Qxd5 Qe6 28. Qxe6 fxe6 29. Be3 Rc2 30. Rxf8+ Kxf8 31. Bd4 Ke8 32. a3 a5 33. Rd1 a4 34. Rd3 Bc5 35. Bc3 Re2 36. h4 Re3 37. Rxe3 Bxe3 38. g4 Bf2 39. g3 Kd7 40. Kg2 Be3 41. Kf3 Bc1 42. Ke4 Kc6 43. Bd4 Bd2 44. h5 b4 45. Be3 bxa3 46. bxa3 Bc3 47. Bc1 Kc5 48. hxg6 hxg6 49. Kf4 Kd5 50. Kg5 Bxe5 51. Kxg6 Bxg3 52. g5 e5 53. Kf5 e4 54. Bb2 Bd6 55. g6 Bf8 56. g7 Bxg7 57. Bxg7 e3 58. Bc3 1/2-1/2

[Event "Bergamo Open 2017"]
[Site "Bergamo"]
[Date "2017.07.14"]
[Round "6"]
[White "Vezzosi, Paolo"]
[Black "Lumachi, Gabriele"]
[Result "1-0"]
[WhiteElo "2332"]
[BlackElo "1942"]
[Annotator "NA"]
[PlyCount "67"]
[EventDate "2017.??.??"]
[EventCountry "ITA"]
[SourceTitle "playchess.com"]
[Source "ChessBase"]
[SourceQuality "1"]
[TimeControl "6000+30"]

1. d4 e6 2. Nf3 f5 3. g3 Nf6 4. Bg2 Be7 5. c4 O-O 6. Nc3 d6 7. O-O Ne4 8. Nxe4 {A96: Classical Dutch: Fluid Systems: Early deviations} fxe4 9. Ne1 (9. Nd2 d5 10. f3 Nc6 11. fxe4 Rxf1+ 12. Kxf1 dxc4 13. Nf3 Bf6 14. Be3 Bd7 15. b3 cxb3 16. Qxb3 {1-0 (40) Tomashevsky,E (2758)-Rahman,Z (2500) Baku 2015}) 9... d5 10. f3 exf3 11. Nxf3 {LiveBook: 10 Games} c6 12. Qc2 Nd7 $146 ({Predecessor:} 12... Na6 13. Bf4 Bd7 14. e4 Be8 15. Bh3 Bd7 {1-0 (33) Ermeni,A (2246)-Eggenberger,U (2062) Bern 2000}) 13. e4 dxe4 14. Qxe4 Nf6 15. Qe2 Ne8 16. Bf4 Bf6 17. Rad1 Nd6 18. g4 Nf7 19. Bg3 Re8 20. Rf2 (20. Ne5 $18 Rf8 21. Be4) 20... Qa5 $2 (20... e5 $16) 21. a3 (21. g5 $18 Nxg5 22. Ne5) 21... h6 22. Rdf1 Qd8 23. Qe3 $2 (23. Ne5 $18 Re7 24. Qe4 Bxe5 25. dxe5) 23... a5 $2 (23... e5 $16 {was worth a try.}) 24. Ne5 $18 Nxe5 25. Bxe5 Bxe5 26. dxe5 Qe7 27. Be4 Bd7 28. Bc2 Rf8 29. Qe4 g5 30. Rf6 Rxf6 31. Rxf6 Rf8 32. Rg6+ Kf7 33. Rg7+ Kxg7 34. Qh7# 1-0